| 000 | 00806cab a2200229 4500 | ||
|---|---|---|---|
| 001 | WB3501-20 | ||
| 008 | 090401t1999 xxu||||| |||| 00| 0 eng d | ||
| 035 | _a(Sirsi) u90600 | ||
| 041 | _aeng | ||
| 245 | _aPunishing time for Reits | ||
| 260 | _c1999 | ||
| 350 | _a0 | ||
| 490 |
_aFinancial Times _v8 January 1999, 23(1) |
||
| 520 | _aDespite being hailed as the way forward for property investment, US Real Estate Investment Trust shares dramatically underperformed the rest of the US stock market in 1998, however the author argues that this is not a sign that Reit shares are structurally flawed. | ||
| 650 | _aPROPERTY INVESTMENT | ||
| 650 | _aREITS | ||
| 650 | _aSHARE PRICES | ||
| 650 | _aUSA | ||
| 690 | _aPROPERTY-PROPERTY FINANCE AND INVESTMENT | ||
| 942 | _n0 | ||
| 948 | _c08/01/1999 | ||
| 999 |
_c57454 _d57454 |
||